<?xml version="1.0" encoding="UTF-8"?>
<record
    xmlns:xsi="http://www.w3.org/2001/XMLSchema-instance"
    xsi:schemaLocation="http://www.loc.gov/MARC21/slim http://www.loc.gov/standards/marcxml/schema/MARC21slim.xsd"
    xmlns="http://www.loc.gov/MARC21/slim">

  <leader>02688nam a22004457a 4500</leader>
  <datafield tag="999" ind1=" " ind2=" ">
    <subfield code="c">6591</subfield>
    <subfield code="d">6591</subfield>
  </datafield>
  <controlfield tag="003">OSt</controlfield>
  <controlfield tag="005">20260309135715.0</controlfield>
  <controlfield tag="008">190228c        xxut||p| |||| 00| 0 spa d</controlfield>
  <datafield tag="020" ind1=" " ind2=" ">
    <subfield code="a">9789873048555</subfield>
  </datafield>
  <datafield tag="040" ind1=" " ind2=" ">
    <subfield code="c">PJ</subfield>
  </datafield>
  <datafield tag="245" ind1="1" ind2="0">
    <subfield code="a">Revista de derecho privado y comunitario :</subfield>
    <subfield code="b">diez a&#xF1;os de vigencia del C&#xF3;digo Civil y Comercial de la Naci&#xF3;n. Persona y Derecho de las Familias - I /</subfield>
    <subfield code="c">H&#xE9;ctor Alegr&#xED;a, Jorge Mosset Iturraspe directores.</subfield>
  </datafield>
  <datafield tag="260" ind1=" " ind2=" ">
    <subfield code="a">Santa F&#xE9; :</subfield>
    <subfield code="b">Rubinzal-Culzoni,</subfield>
    <subfield code="c">2025.</subfield>
  </datafield>
  <datafield tag="300" ind1=" " ind2=" ">
    <subfield code="a">640 p.</subfield>
    <subfield code="c">22 cm.</subfield>
  </datafield>
  <datafield tag="310" ind1=" " ind2=" ">
    <subfield code="a">cuatrimestral</subfield>
  </datafield>
  <datafield tag="362" ind1=" " ind2=" ">
    <subfield code="a">No. 1 (2025)</subfield>
  </datafield>
  <datafield tag="505" ind1=" " ind2=" ">
    <subfield code="t">La inviolabilidad de la persona humana. afectaciones a la dignidad /</subfield>
    <subfield code="r">r Sandra M. Wierzba.</subfield>
  </datafield>
  <datafield tag="505" ind1=" " ind2=" ">
    <subfield code="t">Consentimiento para los actos m&#xE9;dicos e investigaciones en la salud bases para su abordaje desde el c&#xF3;digo civil y comercial balances y perspectivas /</subfield>
    <subfield code="r">Federico A. Ossola.</subfield>
  </datafield>
  <datafield tag="505" ind1=" " ind2=" ">
    <subfield code="t">Salud mental y capacidad /</subfield>
    <subfield code="r"> Luz M. Pagano.</subfield>
  </datafield>
  <datafield tag="505" ind1=" " ind2=" ">
    <subfield code="t">Autonom&#xED;a progresiva y derecho de comunicaci&#xF3;n /</subfield>
    <subfield code="r">Adriana N. Krasnow.</subfield>
  </datafield>
  <datafield tag="505" ind1=" " ind2=" ">
    <subfield code="t">Modificaciones al nombre /</subfield>
    <subfield code="r">r Carolina Duprat.</subfield>
  </datafield>
  <datafield tag="505" ind1=" " ind2=" ">
    <subfield code="t">El corrimiento del velo societario frente a la utilizaci&#xF3;n desviada de las estructuras societarias en las relaciones de familia - semblanza a partir de las experiencias en materia laboral y de defensa del consumidor /</subfield>
    <subfield code="r">r Emilio F. Moro.</subfield>
  </datafield>
  <datafield tag="505" ind1=" " ind2=" ">
    <subfield code="t">Asociaciones civiles /</subfield>
    <subfield code="r">Edgardo Ignacio Saux.</subfield>
  </datafield>
  <datafield tag="505" ind1=" " ind2=" ">
    <subfield code="t">Parte general /</subfield>
    <subfield code="r"> Julio C&#xE9;sar Rivera Colaborador: Diego M. Fissore.</subfield>
  </datafield>
  <datafield tag="505" ind1=" " ind2=" ">
    <subfield code="t">Obligaciones /</subfield>
    <subfield code="t">: Alberto J. Bueres Colaborador: Carlos Reyna.</subfield>
    <subfield code="r">: Alberto J. Bueres Colaborador: Carlos Reyna.</subfield>
  </datafield>
  <datafield tag="505" ind1=" " ind2=" ">
    <subfield code="t">Contratos /</subfield>
    <subfield code="r"> Ricardo Luis Lorenzetti y Gonzalo Sozzo Colaborador: Mariano L. Churruarin.</subfield>
  </datafield>
  <datafield tag="505" ind1=" " ind2=" ">
    <subfield code="t">Derechos reales /</subfield>
    <subfield code="r">Leopoldo L. Peralta Mariscal Colaboradora: Mariana Rey.</subfield>
  </datafield>
  <datafield tag="505" ind1=" " ind2=" ">
    <subfield code="t">Familias /</subfield>
    <subfield code="r">A&#xED;da Kemelmajer Colaboradora: Mar&#xED;a Ang&#xE9;lica.</subfield>
  </datafield>
  <datafield tag="505" ind1=" " ind2=" ">
    <subfield code="t">Sucesiones /</subfield>
    <subfield code="r">Graciela Medina Colaboradora: Andrea In&#xE9;s Podest&#xE1;.</subfield>
  </datafield>
  <datafield tag="505" ind1=" " ind2=" ">
    <subfield code="t">Concursos /</subfield>
    <subfield code="r"> Jos&#xE9; A. Di Tullio Colaborador: Eduardo N&#xE9;stor Chiavassa.</subfield>
  </datafield>
  <datafield tag="505" ind1=" " ind2=" ">
    <subfield code="t">Seguros /</subfield>
    <subfield code="r">Horacio Roitman Colaborador:Jos&#xE9;A.DiTullio.</subfield>
  </datafield>
  <datafield tag="505" ind1=" " ind2=" ">
    <subfield code="t">Sociedades /</subfield>
    <subfield code="r">H&#xE9;ctor Alegria Colaborador: Nicol&#xE1;s J. Di Lella.</subfield>
  </datafield>
  <datafield tag="505" ind1=" " ind2=" ">
    <subfield code="t">Derecho cambiario /</subfield>
    <subfield code="r">Iv&#xE1;n G. Di Chiazza Colaborador: Jos&#xE9; Ignacio Pastore.</subfield>
  </datafield>
  <datafield tag="505" ind1=" " ind2=" ">
    <subfield code="t">Derechos humanos /</subfield>
    <subfield code="r"> Graciela Medina Colaboradora: Gabriela Yuba.</subfield>
  </datafield>
  <datafield tag="650" ind1=" " ind2="0">
    <subfield code="9">1497</subfield>
    <subfield code="a">CODIGO CIVIL Y COMERCIAL</subfield>
  </datafield>
  <datafield tag="650" ind1=" " ind2="0">
    <subfield code="9">967</subfield>
    <subfield code="a">DERECHO DE FAMILIA</subfield>
  </datafield>
  <datafield tag="650" ind1=" " ind2="0">
    <subfield code="9">2741</subfield>
    <subfield code="a">DERECHOS DE LAS NI&#xD1;AS, NI&#xD1;OS Y ADOLESCENTES</subfield>
  </datafield>
  <datafield tag="700" ind1=" " ind2=" ">
    <subfield code="9">1076</subfield>
    <subfield code="a">Alegria, H&#xE9;ctor</subfield>
    <subfield code="e">director</subfield>
  </datafield>
  <datafield tag="700" ind1=" " ind2=" ">
    <subfield code="9">528</subfield>
    <subfield code="a">Mosset Iturraspe, Jorge </subfield>
    <subfield code="e">director</subfield>
  </datafield>
  <datafield tag="942" ind1=" " ind2=" ">
    <subfield code="2">udc</subfield>
    <subfield code="c">PP</subfield>
    <subfield code="h">347.1(05)</subfield>
    <subfield code="i">REV</subfield>
  </datafield>
  <datafield tag="952" ind1=" " ind2=" ">
    <subfield code="0">0</subfield>
    <subfield code="1">0</subfield>
    <subfield code="2">udc</subfield>
    <subfield code="4">0</subfield>
    <subfield code="7">0</subfield>
    <subfield code="a">DJS</subfield>
    <subfield code="b">DJS</subfield>
    <subfield code="d">2026-03-05</subfield>
    <subfield code="p">6766</subfield>
    <subfield code="r">2026-03-05</subfield>
    <subfield code="w">2026-03-05</subfield>
    <subfield code="y">PP</subfield>
  </datafield>
</record>
